Acta oeconomica Universitatis Selye vedecký recenzovaný časopis

Bibliographic Details
Other Authors: Mura, Ladislav, 1979- (Publishing director)
Format: Journal
Language:Slovak
English
Hungarian
PhysicalDescription:zv. 20 cm
Published: Komárno Univerzita J. Selyeho 2012-
ISSN:1338-6581
Subjects:
Online Access:http://www.selyeuni.sk

MARC

LEADER 00000cas a2200000 a 4500
001 vtls010456432
003 SK-MaSNL
005 20260228161210.0
008 121004c20129999xo fr p 0 b0slo
022 |a 1338-6581 
040 |a SVKBB  |b slo  |c SVKBB  |d SNK  |e AACR2 
041 0 |a slo  |a eng  |a hun  |b eng  |b slo 
044 |a xo  |c SK 
072 7 |a 33  |x Ekonómia  |2 konspekt 
072 7 |a 005  |x Manažment. Riadenie  |2 konspekt 
072 7 |a 658  |x Riadenie a správa podniku  |2 konspekt 
072 7 |a 339  |x Obchod  |2 konspekt 
080 |a 33  |2 2011 
080 |a 339.138  |2 2011 
080 |a 005  |2 2011 
080 |a 658.8  |2 2011 
080 |a 050  |2 2011 
080 |a 339  |2 2011 
080 |a 001(051)  |2 2011 
080 |a 658.114  |2 2011 
210 0 |a Acta oecon. Univ. Selye 
222 0 |a Acta oeconomica Universitatis Selye 
245 0 0 |a Acta oeconomica Universitatis Selye  |b vedecký recenzovaný časopis 
260 |a Komárno  |b Univerzita J. Selyeho  |c 2012- 
300 |a zv.  |c 20 cm 
310 |a 2x ročne 
362 0 |a Roč. 1, č. 1 (2012)- 
500 |a Šéfredaktor: Ladislav Mura 
500 |a Evidenčné číslo: EV 4538/12 MK SR 
504 |a Bibliogr. odkazy 
546 |a Čiast. text v angl., maď. ; res. angl. a slov. 
650 0 7 |a ekonómia  |2 SNKPH  |9 788 
650 0 7 |a manažment  |2 SNKPH  |9 922 
650 0 7 |a podnikanie  |2 SNKPH  |9 1757 
650 0 7 |a obchod  |2 SNKPH  |9 2198 
650 0 7 |a Economics  |2 SNKPHeng  |9 265310 
650 0 7 |a Management  |2 SNKPHeng  |9 265406 
650 0 7 |a Business  |2 SNKPHeng  |9 268171 
650 0 7 |a Trade  |2 SNKPHeng  |9 266765 
650 0 7 |a marketing  |2 SNKPH  |9 2299 
650 0 7 |a marketing  |2 SNKPHeng  |9 2299 
655 7 |a vedecké časopisy  |2 SNKPH  |9 70520 
655 7 |a Scientific journals  |2 SNKPHeng  |9 265227 
700 1 |a Mura, Ladislav,  |d 1979-  |4 pbd  |9 216667 
710 2 |a Univerzita J. Selyeho.  |b Ekonomická fakulta  |4 pbl  |9 110073 
852 |a Štátna vedecká knižnica v Banskej Bystrici 
856 4 1 |u http://www.selyeuni.sk 
910 |a snk 
916 |a 2012-2015, 2016, 2017-2018, 2019, 2020 
958 |a NB 
999 |c 4640  |d 6570 
952 |0 0  |1 0  |4 0  |7 0  |8 0  |a SNK  |b SNK  |d 2022-08-22  |i snk2022/12945  |l 0  |o snkČSC 3562/8/2019 D1  |p 17A1463396  |r 2026-02-21 20:12:22  |t č. 1-2  |w 2026-02-21  |y PREZ 
952 |0 0  |1 0  |4 0  |7 0  |8 0  |a SNK  |b SNK  |d 2022-08-22  |i snk2022/12946  |l 0  |o snkČSC 3562/9/2020 D1  |p 17A1463397  |r 2026-02-21 20:12:22  |t č. 1-2  |w 2026-02-21  |y PREZ 
952 |0 0  |1 0  |4 0  |7 0  |8 0  |a SNK  |b SNK  |d 2016-04-07  |f 1  |i snk2016/8943  |l 0  |o snkČSC 3562/3/2014  |p 17A1099459  |r 2026-02-21 20:13:41  |t č. 1-2  |w 2026-02-21  |y PREZ 
952 |0 0  |1 0  |4 0  |7 0  |8 0  |a SNK  |b SNK  |d 2016-04-07  |i snk2016/8944  |l 0  |o snkČSC 3562/3/2014 D1  |p 17A1099458  |r 2026-02-21 20:13:41  |t č. 1-2  |w 2026-02-21  |y PREZ 
952 |0 0  |1 0  |4 0  |7 0  |8 0  |a SNK  |b SNK  |d 2016-04-07  |f 1  |i snk2016/8949  |l 0  |o snkČSC 3562/4/2015  |p 17A1099457  |r 2026-02-21 20:13:42  |t č. 1-2  |w 2026-02-21  |y PREZ 
952 |0 0  |1 0  |4 0  |7 0  |8 0  |a SNK  |b SNK  |d 2015-03-25  |f 1  |i snk2015/10445  |l 0  |o snkČSC 3562/1/2012  |p 17A1143200  |r 2026-02-21 21:15:52  |t č. 1-2  |w 2026-02-21  |y PREZ 
952 |0 0  |1 0  |4 0  |7 0  |8 0  |a SNK  |b SNK  |d 2015-03-25  |f 1  |i snk2015/10454  |l 0  |o snkČSC 3562/2/2013  |p 17A1143199  |r 2026-02-21 21:15:52  |t č. 1-2  |w 2026-02-21  |y PREZ 
952 |0 0  |1 0  |4 0  |7 0  |8 0  |a SNK  |b SNK  |d 2015-03-25  |i snk2015/10456  |l 0  |o snkČSC 3562/1/2012 D1  |p 17A1143198  |r 2026-02-21 21:15:52  |t č. 1-2  |w 2026-02-21  |y PREZ 
952 |0 0  |1 0  |4 0  |7 0  |8 0  |a SNK  |b SNK  |d 2015-03-25  |i snk2015/10459  |l 0  |o snkČSC 3562/2/2013 D1  |p 17A1143197  |r 2026-02-21 21:15:52  |t č. 1-2  |w 2026-02-21  |y PREZ 
952 |0 0  |1 0  |4 0  |7 0  |8 0  |a SNK  |b SNK  |d 2021-10-06  |f 1  |i snk2021/14590  |l 0  |o snkČSC 3562/9/2020  |p 17A1461015  |r 2026-02-21 21:39:31  |t č. 1-2  |w 2026-02-21  |y PREZ 
952 |0 0  |1 0  |4 0  |7 0  |8 0  |a SNK  |b SNK  |d 2020-05-19  |i snk2020/8019  |l 0  |o snkČSC 3562/7/2018 D1  |p 17A1388013  |r 2026-02-21 21:47:22  |t č. 1-2  |w 2026-02-21  |y PREZ 
952 |0 0  |1 0  |4 0  |7 0  |8 0  |a SNK  |b SNK  |d 2019-09-19  |f 1  |i snk2019/23353  |l 0  |o snkČSC 3562/6/2017  |p 17A1383433  |r 2026-02-21 21:52:15  |t č. 1-2  |w 2026-02-21  |y PREZ 
952 |0 0  |1 0  |4 0  |7 0  |8 0  |a SNK  |b SNK  |d 2019-09-19  |f 1  |i snk2019/23354  |l 0  |o snkČSC 3562/7/2018  |p 17A1383434  |r 2026-02-21 21:52:15  |t č. 1-2  |w 2026-02-21  |y PREZ 
952 |0 0  |1 0  |4 0  |7 0  |8 0  |a SNK  |b SNK  |d 2019-09-19  |i snk2019/23355  |l 0  |o snkČSC 3562/5/2016 D1  |p 17A1383435  |r 2026-02-21 21:52:15  |t č. 1-2  |w 2026-02-21  |y PREZ 
952 |0 0  |1 0  |4 0  |7 0  |8 0  |a SNK  |b SNK  |d 2019-09-19  |i snk2019/23356  |l 0  |o snkČSC 3562/6/2017 D1  |p 17A1383436  |r 2026-02-21 21:52:15  |t č. 1-2  |w 2026-02-21  |y PREZ 
952 |0 0  |1 0  |4 0  |7 0  |8 0  |a SNK  |b SNK  |d 2020-06-29  |f 1  |i snk2020/11506  |l 0  |o snkČSC 3562/8/2019  |p 17A1388263  |r 2026-02-21 22:01:34  |t č. 1-2  |w 2026-02-21  |y PREZ 
952 |0 0  |1 0  |4 0  |7 0  |8 0  |a SNK  |b SNK  |d 2016-09-26  |i snk2017/6053  |l 0  |o snkČSC 3562/4/2015 D1  |p 17A1205602  |r 2026-02-21 22:09:58  |t č. 1-2  |w 2026-02-21  |y PREZ 
952 |0 0  |1 0  |4 0  |7 0  |8 0  |a SNK  |b SNK  |d 2017-05-25  |f 1  |i snk2017/12160  |l 0  |o snkČSC 3562/5/2016  |p 17A1206775  |r 2026-02-21 22:17:43  |t č. 1-2  |w 2026-02-21  |y PREZ